Statistics for İngilizce Hayvanlar

Click here to take the quiz!

General Stats

  • This quiz has been taken 6 098 times
  • The average score is 20 of 22

Answer Stats

İngilizceTürkçe% Correct
fishbalık
100%
catkedi
100%
dogköpek
100%
chickentavuk
98%
lionaslan
97%
horseat
97%
monkeymaymun
97%
rabbittavşan
97%
bearayı
96%
elephantfil
96%
duckördek
96%
wolfkurt
95%
cowinek
94%
tigerkaplan
94%
goatkeçi
93%
pigdomuz
92%
sheepkoyun
92%
turkeyhindi
90%
donkeyeşek
89%
bullboğa
83%
parrotpapağan
83%
roosterhoroz
62%

Score Distribution

Percentile by Number Answered

Percent of People with Each Score

Your Score History

You have not taken this quiz